| 000 | 00369nam a2200157Ia 4500 | ||
|---|---|---|---|
| 008 | 210210b1901 xxu||||| |||| 00| 0 eng d | ||
| 041 | _aeng | ||
| 082 | _a821/242 | ||
| 100 | _aGASCOIGNE (G) | ||
| 245 | _aSteel glass | ||
| 260 |
_aWestminister _bConstable & Co Ltd. _c1901 |
||
| 650 | _aSteel | ||
| 650 | _aglass | ||
| 690 | _aEnglish Literature | ||
| 906 | _a011411 | ||
| 999 |
_c130088 _d130088 |
||